Library of the University of Algiers 3
Ibrahim Sultan Cheibout
شعار جامعة الجزائر 3
مكتبة جامعة الجزائر 3
إبراهيم سلطان شيبوط

التنمية السياسية التنمية الاقتصادية والامن / (رقم التسجيلة. 42857)

تفاصيل مارك
000 -LEADER
fixed length control field 01661nam a2200205Ia 4500
003 - CONTROL NUMBER IDENTIFIER
control field Ost
005 - DATE AND TIME OF LATEST TRANSACTION
control field 20260507075109.0
008 - FIXED-LENGTH DATA ELEMENTS--GENERAL INFORMATION
fixed length control field 260507s9999||||xx |||||||||||||| ||und||
020 ## - INTERNATIONAL STANDARD BOOK NUMBER
International Standard Book Number 8400932951
040 ## - CATALOGING SOURCE
Transcribing agency fsecg
041 ## - LANGUAGE CODE
Language code of text/sound track or separate title ara
082 ## - DEWEY DECIMAL CLASSIFICATION NUMBER
Classification number 330
100 ## - MAIN ENTRY--PERSONAL NAME
Personal name خاتمي، محمد
Relator term مؤلف
245 #0 - TITLE STATEMENT
Title التنمية السياسية التنمية الاقتصادية والامن /
Statement of responsibility, etc. محمد خاتمي
260 ## - PUBLICATION, DISTRIBUTION, ETC.
Place of publication, distribution, etc. بيروت:
Name of publisher, distributor, etc. دار الفكر المعاصر,
Date of publication, distribution, etc. 2002
300 ## - PHYSICAL DESCRIPTION
Extent 256 صفحة؛
Dimensions 25 سم
520 ## - SUMMARY, ETC.
Summary, etc. يتناول هذا الكتاب قضايا حساسة تتعلق بالتنمية فيه انخرط السيد محمد ختامي رئيس الجمهورية الاسلامية الايرانية في التيار العقلاني الذي يقدم نفسه بديلا عن نموذج الخوارج ورواسبه التي تسربت الى تراث الاسلام الفكري وهو ما يفتأ يردد بصدور مشروعه السياسي أن الحكومة القوية تستوعب حقيقة فلسفةيو وتكوينية تفيد بأن الاختلاف في وجهات النظر أمر يشكل عاملا هاما عن عوامل تقم المجتمع الاسلامي بأنها تنبثق من صميم التجربة في دولة تخضع لسياقات تأثير متنوع وتستوعب جوانب عملية التحديث وبناء المدني وتلامس أوجاع الانسان وهمومه ، متحاية بصراحة قلما يجدها لدى مسؤول رسمي مثله .
653 ## - INDEX TERM--UNCONTROLLED
Uncontrolled term تنمية سياسية - تنمية اقتصادية - امن
942 ## - ADDED ENTRY ELEMENTS (KOHA)
Koha item type كتب
المقتنيات
Withdrawn status Lost status Source of classification or shelving scheme Damaged status Not for loan Home library Current library Date acquired Serial enumeration / chronology Inventory number Total checkouts Full call number Barcode Date last seen Price effective from Koha item type
    Dewey Decimal Classification   NOT LOAN / إعارة داخلية مكتبة كلية العلوم الإقتصادية والعلوم التجارية وعلوم التسيير مكتبة كلية العلوم الإقتصادية والعلوم التجارية وعلوم التسيير 07/05/2026 الطابق الأرضي 1439/1   أ/1439ن1 1439/1 07/05/2026 07/05/2026 كتب

موارد الويب المفتوحة


© University of Algiers 3 All Rights Reserved
|
Implemented by LECHELAH Riad